[Event "A.Arkanov Memorial"]
[Site "Gorno-Altaisk"]
[Date "2017.11.01"]
[Round "9.2"]
[White "Bocharov, Dmitry"]
[Black "Smirnov, Pavel"]
[Result "1-0"]
[BlackElo "2582"]
[WhiteElo "2580"]
[LiveChessVersion "1.4.8"]

1. Nf3 {[%clk 0:15:17]} Nf6 {[%clk 0:15:17]} 2. b3 {[%clk 0:14:52]} e6
{[%clk 0:13:04]} 3. Bb2 {[%clk 0:14:51]} Be7 {[%clk 0:13:12]} 4. g3
{[%clk 0:12:28]} d5 {[%clk 0:13:02]} 5. Bg2 {[%clk 0:12:36]} O-O {[%clk 0:13:07]}
6. O-O {[%clk 0:12:44]} c5 {[%clk 0:13:13]} 7. e3 {[%clk 0:12:38]} Nc6
{[%clk 0:13:17]} 8. d3 {[%clk 0:12:46]} Qc7 {[%clk 0:11:45]} 9. c4
{[%clk 0:12:49]} Rd8 {[%clk 0:11:35]} 10. Qe2 {[%clk 0:12:23]} e5
{[%clk 0:09:54]} 11. Nc3 {[%clk 0:12:23]} d4 {[%clk 0:09:10]} 12. Nd5
{[%clk 0:11:53]} Nxd5 {[%clk 0:07:04]} 13. cxd5 {[%clk 0:11:44]} Nb4
{[%clk 0:07:13]} 14. e4 {[%clk 0:11:00]} Bg4 {[%clk 0:07:22]} 15. h3
{[%clk 0:10:21]} Bh5 {[%clk 0:07:31]} 16. a3 {[%clk 0:09:49]} Na6
{[%clk 0:07:40]} 17. Qc2 {[%clk 0:09:57]} b5 {[%clk 0:07:24]} 18. Nd2
{[%clk 0:09:04]} Bd6 {[%clk 0:07:00]} 19. Bf3 {[%clk 0:08:23]} Bxf3
{[%clk 0:06:23]} 20. Nxf3 {[%clk 0:08:30]} Rac8 {[%clk 0:06:27]} 21. Rfc1
{[%clk 0:08:24]} Qd7 {[%clk 0:06:35]} 22. Kg2 {[%clk 0:08:21]} f5
{[%clk 0:06:12]} 23. Qe2 {[%clk 0:08:08]} Rf8 {[%clk 0:05:34]} 24. a4
{[%clk 0:07:39]} Nb4 {[%clk 0:04:30]} 25. Ba3 {[%clk 0:05:03]} bxa4
{[%clk 0:02:19]} 26. Bxb4 {[%clk 0:04:48]} cxb4 {[%clk 0:02:20]} 27. Rxc8
{[%clk 0:04:57]} Rxc8 {[%clk 0:01:59]} 28. Rxa4 {[%clk 0:05:05]} Rc3
{[%clk 0:01:04]} 29. Nd2 {[%clk 0:02:06]} fxe4 {[%clk 0:01:12]} 30. Nxe4
{[%clk 0:01:59]} Rxb3 {[%clk 0:01:15]} 31. Ra6 {[%clk 0:02:08]} Bf8
{[%clk 0:01:02]} 32. d6 {[%clk 0:01:57]} Qf7 {[%clk 0:00:33]} 33. Qg4
{[%clk 0:01:47]} Ra3 {[%clk 0:00:28]} 34. d7 {[%clk 0:01:31]} Be7
{[%clk 0:00:18]} 35. Rc6 {[%clk 0:01:13]} h5 {[%clk 0:00:27]} 36. Rc8+
{[%clk 0:00:55]} Kh7 {[%clk 0:00:35]} 37. Qd1 {[%clk 0:00:56]} b3
{[%clk 0:00:16]} 38. d8=Q {[%clk 0:00:57]} Bxd8 {[%clk 0:00:25]} 39. Rxd8
{[%clk 0:01:06]} Qf5 {[%clk 0:00:12]} 40. Rb8 {[%clk 0:01:07]} 1-0

[Event "A.Arkanov Memorial"]
[Site "Gorno-Altaisk"]
[Date "2017.11.01"]
[Round "9.3"]
[White "Kardashevskiy, Evgeny"]
[Black "Sorokin, Aleksey"]
[Result "1/2-1/2"]
[BlackElo "2448"]
[WhiteElo "2396"]
[LiveChessVersion "1.4.8"]

1. d4 {[%clk 0:15:17]} Nf6 {[%clk 0:15:18]} 2. Nf3 {[%clk 0:15:25]} e6
{[%clk 0:15:20]} 3. c4 {[%clk 0:15:32]} d5 {[%clk 0:15:28]} 4. Nc3
{[%clk 0:15:39]} c5 {[%clk 0:15:31]} 5. cxd5 {[%clk 0:15:45]} Nxd5
{[%clk 0:15:39]} 6. e4 {[%clk 0:15:53]} Nxc3 {[%clk 0:15:42]} 7. bxc3
{[%clk 0:16:00]} cxd4 {[%clk 0:15:50]} 8. cxd4 {[%clk 0:16:07]} Bb4+
{[%clk 0:15:56]} 9. Bd2 {[%clk 0:16:14]} Bxd2+ {[%clk 0:16:03]} 10. Qxd2
{[%clk 0:16:21]} O-O {[%clk 0:16:08]} 11. Bc4 {[%clk 0:16:27]} Nd7
{[%clk 0:16:10]} 12. O-O {[%clk 0:16:26]} b6 {[%clk 0:16:17]} 13. Rfe1
{[%clk 0:16:22]} Bb7 {[%clk 0:16:14]} 14. a4 {[%clk 0:16:23]} Rc8
{[%clk 0:15:24]} 15. Bd3 {[%clk 0:15:26]} a5 {[%clk 0:15:27]} 16. Rab1
{[%clk 0:14:34]} h6 {[%clk 0:14:54]} 17. Qb2 {[%clk 0:12:14]} Rc7
{[%clk 0:12:37]} 18. Re3 {[%clk 0:09:28]} Qe7 {[%clk 0:11:44]} 19. Bb5
{[%clk 0:08:45]} Nf6 {[%clk 0:11:22]} 20. Bd3 {[%clk 0:08:14]} Nd7
{[%clk 0:11:19]} 21. Bb5 {[%clk 0:08:22]} 1/2-1/2

[Event "A.Arkanov Memorial"]
[Site "Gorno-Altaisk"]
[Date "2017.11.01"]
[Round "9.4"]
[White "Nevostrujev, Vladimir"]
[Black "Akselrod, Vladislav"]
[Result "1-0"]
[BlackElo "2451"]
[WhiteElo "2505"]
[LiveChessVersion "1.4.8"]

1. e4 {[%clk 0:15:17]} e5 {[%clk 0:15:19]} 2. Nf3 {[%clk 0:15:26]} Nc6
{[%clk 0:15:28]} 3. Bb5 {[%clk 0:15:20]} a6 {[%clk 0:15:37]} 4. Ba4
{[%clk 0:15:25]} Nf6 {[%clk 0:15:45]} 5. O-O {[%clk 0:14:56]} Be7
{[%clk 0:15:54]} 6. Re1 {[%clk 0:14:42]} b5 {[%clk 0:16:02]} 7. Bb3
{[%clk 0:14:51]} O-O {[%clk 0:16:10]} 8. a4 {[%clk 0:13:54]} b4 {[%clk 0:15:47]}
9. a5 {[%clk 0:13:08]} Bc5 {[%clk 0:10:47]} 10. Nxe5 {[%clk 0:11:36]} Bxf2+
{[%clk 0:10:32]} 11. Kxf2 {[%clk 0:11:45]} Nxe5 {[%clk 0:10:41]} 12. d4
{[%clk 0:10:02]} Nfg4+ {[%clk 0:07:45]} 13. Kg3 {[%clk 0:10:01]} Qf6
{[%clk 0:07:54]} 14. Bf4 {[%clk 0:02:53]} g5 {[%clk 0:07:30]} 15. Qd2
{[%clk 0:01:25]} gxf4+ {[%clk 0:02:17]} 16. Qxf4 {[%clk 0:01:27]} Ng6
{[%clk 0:02:24]} 17. Qxg4 {[%clk 0:00:22]} Qxd4 {[%clk 0:02:33]} 18. e5
{[%clk 0:00:17]} Qxg4+ {[%clk 0:02:04]} 19. Kxg4 {[%clk 0:00:26]} Nxe5+
{[%clk 0:02:12]} 20. Rxe5 {[%clk 0:00:23]} d6+ {[%clk 0:02:22]} 21. Rf5
{[%clk 0:00:32]} Re8 {[%clk 0:02:29]} 22. Bxf7+ {[%clk 0:00:39]} Kg7
{[%clk 0:02:36]} 23. Bxe8 {[%clk 0:00:48]} Bxf5+ {[%clk 0:02:43]} 24. Kxf5
{[%clk 0:00:57]} Rxe8 {[%clk 0:02:53]} 25. Nd2 {[%clk 0:00:51]} Re2
{[%clk 0:03:02]} 26. Nb3 {[%clk 0:00:43]} Rxg2 {[%clk 0:03:07]} 27. h4
{[%clk 0:00:33]} c5 {[%clk 0:02:46]} 28. Ke6 {[%clk 0:00:32]} Rxc2
{[%clk 0:02:54]} 29. Rg1+ {[%clk 0:00:33]} Kf8 {[%clk 0:02:48]} 30. Kxd6
{[%clk 0:00:39]} c4 {[%clk 0:02:55]} 31. Nd4 {[%clk 0:00:30]} Rxb2
{[%clk 0:03:03]} 32. Kc5 {[%clk 0:00:14]} c3 {[%clk 0:03:12]} 33. Rc1
{[%clk 0:00:18]} Kg7 {[%clk 0:03:03]} 34. Kc4 {[%clk 0:00:20]} Kh6
{[%clk 0:02:17]} 35. Nc6 {[%clk 0:00:28]} Kh5 {[%clk 0:02:04]} 36. Nxb4
{[%clk 0:00:36]} Kxh4 {[%clk 0:02:12]} 37. Kxc3 {[%clk 0:00:40]} Rh2
{[%clk 0:02:21]} 38. Nxa6 {[%clk 0:00:43]} Ra2 {[%clk 0:02:29]} 39. Kb4
{[%clk 0:00:47]} h5 {[%clk 0:02:39]} 40. Nc5 {[%clk 0:00:47]} Rb2+
{[%clk 0:02:41]} 41. Nb3 {[%clk 0:00:55]} Ra2 {[%clk 0:02:48]} 42. Ra1
{[%clk 0:00:58]} Re2 {[%clk 0:02:54]} 43. a6 {[%clk 0:01:06]} Re8
{[%clk 0:03:03]} 44. Nd4 {[%clk 0:00:55]} Kg4 {[%clk 0:03:09]} 45. Rg1+
{[%clk 0:01:00]} Kf4 {[%clk 0:03:17]} 46. Rh1 {[%clk 0:01:04]} Kg4
{[%clk 0:03:26]} 47. Nf3 {[%clk 0:00:47]} Rf8 {[%clk 0:03:17]} 48. Rh4+
{[%clk 0:00:43]} Kxf3 {[%clk 0:03:25]} 49. Rxh5 {[%clk 0:00:51]} Ke4
{[%clk 0:02:52]} 50. a7 {[%clk 0:00:24]} 1-0

[Event "A.Arkanov Memorial"]
[Site "Gorno-Altaisk"]
[Date "2017.11.01"]
[Round "9.5"]
[White "Yudin, Sergei"]
[Black "Potapov, Pavel"]
[Result "1/2-1/2"]
[BlackElo "2539"]
[WhiteElo "2578"]
[LiveChessVersion "1.4.8"]

1. d4 {[%clk 0:15:16]} f5 {[%clk 0:15:17]} 2. Nf3 {[%clk 0:15:24]} Nf6
{[%clk 0:15:25]} 3. g3 {[%clk 0:15:32]} g6 {[%clk 0:15:33]} 4. Bg2
{[%clk 0:15:40]} Bg7 {[%clk 0:15:41]} 5. O-O {[%clk 0:15:47]} O-O
{[%clk 0:15:48]} 6. b3 {[%clk 0:15:55]} d6 {[%clk 0:15:53]} 7. Bb2
{[%clk 0:16:03]} Ne4 {[%clk 0:15:58]} 8. Nbd2 {[%clk 0:16:11]} Nc6
{[%clk 0:15:58]} 9. Ne1 {[%clk 0:16:14]} Ng5 {[%clk 0:14:44]} 10. f4
{[%clk 0:16:16]} Nf7 {[%clk 0:14:43]} 11. Nc4 {[%clk 0:16:24]} e6
{[%clk 0:13:20]} 12. Qd2 {[%clk 0:16:30]} Bd7 {[%clk 0:13:14]} 13. Rd1
{[%clk 0:15:33]} Rb8 {[%clk 0:08:36]} 14. Ne3 {[%clk 0:14:04]} Re8
{[%clk 0:07:40]} 15. c4 {[%clk 0:13:46]} Qe7 {[%clk 0:07:21]} 16. Bc3
{[%clk 0:13:19]} Ncd8 {[%clk 0:07:02]} 17. N1c2 {[%clk 0:11:33]} c6
{[%clk 0:06:11]} 18. b4 {[%clk 0:11:35]} d5 {[%clk 0:05:42]} 19. c5
{[%clk 0:11:35]} b5 {[%clk 0:05:22]} 20. a4 {[%clk 0:11:28]} a6 {[%clk 0:05:16]}
21. Ra1 {[%clk 0:11:35]} Nb7 {[%clk 0:04:59]} 22. Ne1 {[%clk 0:10:40]} g5
{[%clk 0:03:51]} 23. Nf3 {[%clk 0:10:01]} g4 {[%clk 0:03:59]} 24. Ne5
{[%clk 0:10:05]} Nxe5 {[%clk 0:03:56]} 25. dxe5 {[%clk 0:10:06]} bxa4
{[%clk 0:03:25]} 26. Rxa4 {[%clk 0:09:45]} a5 {[%clk 0:03:34]} 27. Qd4
{[%clk 0:07:29]} Bf8 {[%clk 0:03:24]} 28. Rc1 {[%clk 0:07:25]} axb4
{[%clk 0:03:14]} 29. Bxb4 {[%clk 0:07:33]} Ra8 {[%clk 0:03:14]} 30. Qa1
{[%clk 0:06:57]} Qd8 {[%clk 0:02:53]} 31. Ra6 {[%clk 0:06:09]} Rxa6
{[%clk 0:02:45]} 32. Qxa6 {[%clk 0:06:18]} Qa8 {[%clk 0:02:53]} 33. Qb6
{[%clk 0:04:38]} 1/2-1/2

[Event "A.Arkanov Memorial"]
[Site "Gorno-Altaisk"]
[Date "2017.11.01"]
[Round "9.6"]
[White "Pakhomov, Egor"]
[Black "Sviridov, Valery"]
[Result "1/2-1/2"]
[BlackElo "2505"]
[WhiteElo "2524"]
[LiveChessVersion "1.4.8"]

1. Nf3 {[%clk 0:15:17]} Nf6 {[%clk 0:15:17]} 2. d4 {[%clk 0:15:25]} d5
{[%clk 0:15:23]} 3. c4 {[%clk 0:15:34]} c6 {[%clk 0:15:31]} 4. cxd5
{[%clk 0:15:43]} cxd5 {[%clk 0:15:40]} 5. Nc3 {[%clk 0:15:52]} Nc6
{[%clk 0:15:47]} 6. Bf4 {[%clk 0:16:01]} a6 {[%clk 0:15:44]} 7. e3
{[%clk 0:16:07]} Bf5 {[%clk 0:15:41]} 8. Bd3 {[%clk 0:16:15]} Bxd3
{[%clk 0:15:49]} 9. Qxd3 {[%clk 0:16:24]} e6 {[%clk 0:15:57]} 10. O-O
{[%clk 0:16:33]} Bd6 {[%clk 0:16:04]} 11. Bxd6 {[%clk 0:16:41]} Qxd6
{[%clk 0:16:13]} 12. a3 {[%clk 0:16:50]} O-O {[%clk 0:16:20]} 13. Rac1
{[%clk 0:16:58]} Rac8 {[%clk 0:16:29]} 1/2-1/2

[Event "A.Arkanov Memorial"]
[Site "Gorno-Altaisk"]
[Date "2017.11.01"]
[Round "9.8"]
[White "Piskunov, Alexandr"]
[Black "Khegay, Dmitriy"]
[Result "1-0"]
[BlackElo "2542"]
[WhiteElo "2364"]
[LiveChessVersion "1.4.8"]

1. e4 {[%clk 0:15:19]} e6 {[%clk 0:15:17]} 2. d4 {[%clk 0:15:12]} d5
{[%clk 0:15:23]} 3. exd5 {[%clk 0:15:21]} exd5 {[%clk 0:15:32]} 4. Bd3
{[%clk 0:15:28]} Bd6 {[%clk 0:15:41]} 5. Ne2 {[%clk 0:15:29]} Qh4
{[%clk 0:15:32]} 6. Nd2 {[%clk 0:13:41]} Bg4 {[%clk 0:14:05]} 7. Nf1
{[%clk 0:12:14]} Nc6 {[%clk 0:12:44]} 8. c3 {[%clk 0:11:23]} Nge7
{[%clk 0:12:28]} 9. Ne3 {[%clk 0:11:14]} Be6 {[%clk 0:10:07]} 10. g3
{[%clk 0:08:02]} Qf6 {[%clk 0:10:06]} 11. Ng1 {[%clk 0:07:29]} g5
{[%clk 0:07:20]} 12. Qh5 {[%clk 0:05:57]} h6 {[%clk 0:05:29]} 13. h4
{[%clk 0:05:20]} O-O-O {[%clk 0:05:37]} 14. Bd2 {[%clk 0:03:33]} Qg7
{[%clk 0:05:21]} 15. O-O-O {[%clk 0:03:11]} Kb8 {[%clk 0:05:05]} 16. Re1
{[%clk 0:03:00]} Rde8 {[%clk 0:02:27]} 17. Qd1 {[%clk 0:02:45]} f5
{[%clk 0:01:49]} 18. Ng2 {[%clk 0:02:21]} Bc8 {[%clk 0:01:47]} 19. Nf3
{[%clk 0:02:24]} g4 {[%clk 0:01:31]} 20. Ng1 {[%clk 0:02:33]} Na5
{[%clk 0:01:21]} 21. Ne2 {[%clk 0:02:32]} Ng8 {[%clk 0:01:03]} 22. Bf4
{[%clk 0:02:36]} Qd7 {[%clk 0:00:54]} 23. Bxd6 {[%clk 0:02:32]} Qxd6
{[%clk 0:01:02]} 24. Qa4 {[%clk 0:02:42]} Nc6 {[%clk 0:01:09]} 25. Nef4
{[%clk 0:02:50]} Nf6 {[%clk 0:01:16]} 26. Ne3 {[%clk 0:02:35]} Ne4
{[%clk 0:01:19]} 27. Bxe4 {[%clk 0:01:38]} dxe4 {[%clk 0:01:28]} 28. Kd2
{[%clk 0:01:47]} Ne7 {[%clk 0:01:32]} 29. Ke2 {[%clk 0:01:52]} Bd7
{[%clk 0:01:35]} 30. Qb3 {[%clk 0:01:56]} Qa6+ {[%clk 0:01:39]} 31. c4
{[%clk 0:01:55]} Nc6 {[%clk 0:01:25]} 32. Rd1 {[%clk 0:01:52]} Rd8
{[%clk 0:01:17]} 33. Kf1 {[%clk 0:01:51]} Bc8 {[%clk 0:01:24]} 34. Qc3
{[%clk 0:01:16]} Rhe8 {[%clk 0:00:36]} 35. Kg2 {[%clk 0:01:19]} Qb6
{[%clk 0:00:45]} 36. Nfd5 {[%clk 0:01:17]} Qa6 {[%clk 0:00:50]} 37. b4
{[%clk 0:01:16]} Qa4 {[%clk 0:00:34]} 38. a3 {[%clk 0:00:52]} Ne7
{[%clk 0:00:31]} 39. Nf4 {[%clk 0:00:55]} Qc6 {[%clk 0:00:23]} 40. d5
{[%clk 0:01:01]} Qb6 {[%clk 0:00:24]} 41. a4 {[%clk 0:01:01]} a5 {[%clk 0:00:28]}
42. Rb1 {[%clk 0:01:09]} axb4 {[%clk 0:00:27]} 43. Rxb4 {[%clk 0:01:18]} Qa6
{[%clk 0:00:36]} 44. Rhb1 {[%clk 0:01:23]} Ng8 {[%clk 0:00:25]} 45. c5
{[%clk 0:01:24]} Qf6 {[%clk 0:00:19]} 46. Qb3 {[%clk 0:01:29]} Qa6
{[%clk 0:00:27]} 47. c6 {[%clk 0:01:34]} Nf6 {[%clk 0:00:25]} 48. Qc3
{[%clk 0:01:32]} Rd6 {[%clk 0:00:28]} 49. cxb7 {[%clk 0:01:22]} Bd7
{[%clk 0:00:37]} 50. Rc4 {[%clk 0:01:31]} Rb6 {[%clk 0:00:30]} 51. Rxb6
{[%clk 0:00:49]} Qxb6 {[%clk 0:00:39]} 52. a5 {[%clk 0:00:55]} Qd6
{[%clk 0:00:44]} 53. a6 {[%clk 0:00:48]} Bb5 {[%clk 0:00:39]} 54. a7+
{[%clk 0:00:44]} Kxa7 {[%clk 0:00:20]} 55. Rxc7 {[%clk 0:00:49]} Kb8
{[%clk 0:00:23]} 56. Qa5 {[%clk 0:00:37]} Bd3 {[%clk 0:00:11]} 57. Rc8+
{[%clk 0:00:28]} Kxb7 {[%clk 0:00:16]} 58. Qa8+ {[%clk 0:00:37]} Kb6
{[%clk 0:00:26]} 59. Rc6+ {[%clk 0:00:37]} 1-0

[Event "A.Arkanov Memorial"]
[Site "Gorno-Altaisk"]
[Date "2017.11.01"]
[Round "9.9"]
[White "Gaydym, Michail"]
[Black "Boiarintsev, Vitaly"]
[Result "0-1"]
[BlackElo "2432"]
[WhiteElo "2299"]
[LiveChessVersion "1.4.8"]

1. e4 {[%clk 0:15:16]} g6 {[%clk 0:15:19]} 2. Nc3 Bg7 {[%clk 0:15:27]} 3. g3
{[%clk 0:15:29]} Nc6 {[%clk 0:15:34]} 4. Bg2 {[%clk 0:15:34]} Nf6
{[%clk 0:15:42]} 5. Nge2 {[%clk 0:15:20]} e6 {[%clk 0:15:44]} 6. O-O
{[%clk 0:15:09]} d6 {[%clk 0:15:52]} 7. Re1 {[%clk 0:14:18]} Qd7 {[%clk 0:15:53]}
8. d4 {[%clk 0:14:12]} e5 {[%clk 0:14:40]} 9. Nd5 {[%clk 0:11:50]} Nxd5
{[%clk 0:14:31]} 10. exd5 {[%clk 0:11:58]} Ne7 {[%clk 0:14:37]} 11. dxe5 dxe5
{[%clk 0:13:51]} 12. c4 {[%clk 0:11:43]} O-O {[%clk 0:13:42]} 13. Nc3
{[%clk 0:11:46]} Nf5 {[%clk 0:13:39]} 14. b3 {[%clk 0:10:41]} Nd4
{[%clk 0:12:13]} 15. Bb2 {[%clk 0:10:44]} a6 {[%clk 0:11:19]} 16. Ne2
{[%clk 0:10:38]} c5 {[%clk 0:11:09]} 17. dxc6 {[%clk 0:10:22]} bxc6
{[%clk 0:08:22]} 18. Nxd4 {[%clk 0:10:15]} exd4 {[%clk 0:08:31]} 19. Ba3
{[%clk 0:09:01]} Re8 {[%clk 0:08:28]} 20. Rxe8+ {[%clk 0:06:46]} Qxe8
{[%clk 0:08:37]} 21. Qf3 {[%clk 0:06:51]} Bd7 {[%clk 0:07:30]} 22. Kf1
{[%clk 0:06:47]} d3 {[%clk 0:03:38]} 23. Rd1 {[%clk 0:05:16]} Bf5
{[%clk 0:03:33]} 24. g4 {[%clk 0:03:07]} Qe2+ {[%clk 0:03:37]} 25. Qxe2
{[%clk 0:03:15]} dxe2+ {[%clk 0:03:46]} 26. Kxe2 {[%clk 0:03:24]} Bxg4+
{[%clk 0:03:55]} 27. f3 {[%clk 0:03:30]} Bf5 {[%clk 0:03:30]} 28. Kf2
{[%clk 0:02:46]} Bf6 {[%clk 0:03:02]} 29. f4 {[%clk 0:02:40]} Bh4+
{[%clk 0:03:04]} 30. Kg1 {[%clk 0:02:32]} Rc8 {[%clk 0:03:08]} 31. Bc5
{[%clk 0:02:13]} h5 {[%clk 0:03:00]} 32. Bf3 {[%clk 0:02:13]} a5 {[%clk 0:01:51]}
33. Bd4 {[%clk 0:01:53]} a4 {[%clk 0:01:33]} 34. b4 {[%clk 0:01:16]} a3
{[%clk 0:01:34]} 35. Be5 {[%clk 0:01:07]} Be7 {[%clk 0:01:24]} 36. b5
{[%clk 0:00:52]} cxb5 {[%clk 0:01:19]} 37. cxb5 {[%clk 0:01:01]} Rc2
{[%clk 0:01:22]} 38. Bd5 {[%clk 0:01:03]} Rb2 {[%clk 0:01:07]} 39. Bb3
{[%clk 0:00:58]} Bc5+ {[%clk 0:01:13]} 40. Bd4 {[%clk 0:01:01]} Bc2
{[%clk 0:00:58]} 41. Bxc2 {[%clk 0:00:25]} Bxd4+ {[%clk 0:00:58]} 42. Rxd4
{[%clk 0:00:32]} Rxc2 {[%clk 0:01:07]} 43. Rb4 {[%clk 0:00:24]} Rxa2
{[%clk 0:00:59]} 44. b6 {[%clk 0:00:19]} Rb2 {[%clk 0:01:08]} 45. Ra4
{[%clk 0:00:27]} Rxb6 {[%clk 0:01:00]} 46. Rxa3 {[%clk 0:00:36]} Rb4
{[%clk 0:00:51]} 47. Rf3 {[%clk 0:00:19]} Rb2 {[%clk 0:00:57]} 48. f5
{[%clk 0:00:23]} g5 {[%clk 0:00:59]} 49. Rg3 {[%clk 0:00:19]} f6 {[%clk 0:01:06]}
50. h4 {[%clk 0:00:21]} g4 {[%clk 0:01:08]} 51. Rd3 {[%clk 0:00:13]} Rb5
{[%clk 0:01:13]} 52. Rd7 {[%clk 0:00:19]} Rxf5 {[%clk 0:01:20]} 53. Kg2
{[%clk 0:00:28]} Rf3 {[%clk 0:01:24]} 54. Rd5 {[%clk 0:00:34]} f5
{[%clk 0:01:32]} 55. Rd6 {[%clk 0:00:38]} Rh3 {[%clk 0:01:31]} 56. Rf6
{[%clk 0:00:40]} Rxh4 {[%clk 0:01:39]} 57. Rxf5 {[%clk 0:00:43]} Kg7
{[%clk 0:01:45]} 58. Ra5 {[%clk 0:00:21]} Rh3 {[%clk 0:01:52]} 59. Rb5
{[%clk 0:00:28]} Kg6 {[%clk 0:02:00]} 60. Ra5 {[%clk 0:00:37]} Rf3
{[%clk 0:02:08]} 61. Rb5 {[%clk 0:00:46]} Rf5 {[%clk 0:02:14]} 62. Rb3
{[%clk 0:00:54]} Kg5 {[%clk 0:02:22]} 63. Ra3 {[%clk 0:01:01]} Rb5
{[%clk 0:02:29]} 64. Ra2 {[%clk 0:01:10]} h4 {[%clk 0:02:28]} 65. Kh2
{[%clk 0:01:18]} h3 {[%clk 0:02:33]} 66. Rc2 {[%clk 0:00:30]} Kh4
{[%clk 0:02:37]} 67. Rc1 {[%clk 0:00:35]} Rb2+ {[%clk 0:02:41]} 68. Kh1
{[%clk 0:00:43]} Rf2 {[%clk 0:02:43]} 69. Rb1 {[%clk 0:00:46]} Re2
{[%clk 0:01:36]} 70. Ra1 {[%clk 0:00:54]} Kg3 {[%clk 0:01:31]} 71. Ra3+
{[%clk 0:00:21]} Kf2 {[%clk 0:01:20]} 72. Kh2 {[%clk 0:00:14]} Re3
{[%clk 0:00:58]} 73. Ra2+ {[%clk 0:00:20]} Kf3 {[%clk 0:01:04]} 74. Ra1
{[%clk 0:00:23]} Re2+ {[%clk 0:01:11]} 75. Kh1 {[%clk 0:00:29]} g3
{[%clk 0:01:06]} 76. Rf1+ {[%clk 0:00:35]} Ke3 {[%clk 0:01:02]} 77. Ra1
{[%clk 0:00:40]} g2+ {[%clk 0:00:37]} 78. Kg1 {[%clk 0:00:19]} Kf3
{[%clk 0:00:44]} 79. Ra3+ {[%clk 0:00:12]} Re3 {[%clk 0:00:51]} 0-1

[Event "A.Arkanov Memorial"]
[Site "Gorno-Altaisk"]
[Date "2017.11.01"]
[Round "9.10"]
[White "Sapozhnikov, Evgeny"]
[Black "Novikova, Anna"]
[Result "1-0"]
[BlackElo "2249"]
[WhiteElo "2133"]
[LiveChessVersion "1.4.8"]

1. d4 {[%clk 0:15:19]} d5 {[%clk 0:15:19]} 2. c4 {[%clk 0:15:27]} e6
{[%clk 0:15:29]} 3. g3 {[%clk 0:15:35]} Nf6 {[%clk 0:15:03]} 4. Bg2
{[%clk 0:15:43]} Be7 {[%clk 0:15:10]} 5. Nf3 {[%clk 0:15:51]} O-O
{[%clk 0:15:10]} 6. O-O {[%clk 0:16:00]} dxc4 {[%clk 0:15:18]} 7. a4
{[%clk 0:16:04]} Bd7 {[%clk 0:10:14]} 8. Qc2 {[%clk 0:15:33]} Bc6
{[%clk 0:10:16]} 9. Qxc4 {[%clk 0:15:25]} Bd5 {[%clk 0:10:20]} 10. Qc2
{[%clk 0:15:02]} Be4 {[%clk 0:10:25]} 11. Qd1 {[%clk 0:15:03]} c5
{[%clk 0:09:34]} 12. Nc3 {[%clk 0:15:08]} Bc6 {[%clk 0:09:41]} 13. Be3
{[%clk 0:12:54]} cxd4 {[%clk 0:09:43]} 14. Nxd4 {[%clk 0:12:59]} Bxg2
{[%clk 0:09:41]} 15. Kxg2 {[%clk 0:13:08]} Ng4 {[%clk 0:08:04]} 16. Bc1
{[%clk 0:12:07]} Bf6 {[%clk 0:06:58]} 17. Ndb5 Nc6 18. h3 {[%clk 0:09:59]} Bxc3
{[%clk 0:05:45]} 19. Nxc3 {[%clk 0:09:54]} Nge5 {[%clk 0:05:28]} 20. Qb3
{[%clk 0:09:54]} Qe7 {[%clk 0:05:11]} 21. f4 {[%clk 0:09:40]} Nd4
{[%clk 0:05:03]} 22. Qd1 Nec6 23. e3 {[%clk 0:08:42]} Nf5 {[%clk 0:05:15]} 24. g4
{[%clk 0:07:12]} Rad8 {[%clk 0:04:18]} 25. Qe2 {[%clk 0:07:15]} Nh4+
{[%clk 0:04:13]} 26. Kg3 {[%clk 0:07:19]} f5 {[%clk 0:04:02]} 27. b3
{[%clk 0:06:42]} e5 {[%clk 0:03:45]} 28. Ba3 {[%clk 0:06:19]} exf4+
{[%clk 0:03:53]} 29. Rxf4 {[%clk 0:06:11]} Qe5 {[%clk 0:03:05]} 30. Bxf8
{[%clk 0:03:27]} Rxf8 {[%clk 0:02:54]} 31. Kxh4 {[%clk 0:02:19]} g5+
{[%clk 0:01:33]} 32. Kxg5 {[%clk 0:02:28]} Qf6+ {[%clk 0:01:01]} 33. Kh5
{[%clk 0:02:36]} Kg7 {[%clk 0:00:32]} 34. g5 {[%clk 0:02:17]} Qxc3
{[%clk 0:00:32]} 35. Rd1 {[%clk 0:02:01]} Ne5 {[%clk 0:00:28]} 36. Qd2
{[%clk 0:01:32]} Qc7 {[%clk 0:00:30]} 37. Qd4 {[%clk 0:01:07]} Kg8
{[%clk 0:00:18]} 38. Kh4 {[%clk 0:01:01]} Ng6+ {[%clk 0:00:18]} 39. Kg3
{[%clk 0:01:08]} Nxf4 {[%clk 0:00:26]} 40. Qxf4 {[%clk 0:01:16]} Qf7
{[%clk 0:00:28]} 41. Qc4 {[%clk 0:00:40]} Qxc4 {[%clk 0:00:36]} 42. bxc4
{[%clk 0:00:49]} Rf7 {[%clk 0:00:44]} 43. Rd5 {[%clk 0:00:55]} Kg7
{[%clk 0:00:49]} 44. Kf4 {[%clk 0:01:01]} Kg6 {[%clk 0:00:53]} 45. Rd6+
{[%clk 0:01:07]} Kg7 {[%clk 0:01:01]} 46. h4 {[%clk 0:00:56]} Kf8
{[%clk 0:00:44]} 47. Rd5 {[%clk 0:01:02]} Rc7 {[%clk 0:00:50]} 48. Rxf5+
{[%clk 0:01:10]} Kg7 {[%clk 0:00:56]} 49. c5 {[%clk 0:01:19]} Kg6
{[%clk 0:00:38]} 50. Kg4 {[%clk 0:01:27]} b6 {[%clk 0:00:32]} 51. Rf6+
{[%clk 0:01:31]} Kg7 {[%clk 0:00:41]} 52. cxb6 {[%clk 0:01:38]} Rc4+
{[%clk 0:00:46]} 53. Rf4 {[%clk 0:01:47]} Rc8 {[%clk 0:00:51]} 54. b7
{[%clk 0:01:55]} Rb8 {[%clk 0:00:58]} 55. Rb4 {[%clk 0:02:03]} a5
{[%clk 0:01:07]} 56. Rb6 {[%clk 0:02:12]} Kf7 {[%clk 0:01:13]} 57. h5
{[%clk 0:02:20]} Kg7 {[%clk 0:01:22]} 58. e4 {[%clk 0:02:29]} Kf7
{[%clk 0:01:31]} 59. e5 {[%clk 0:02:38]} Kg7 {[%clk 0:01:34]} 60. Kf5
{[%clk 0:02:47]} Kf8 {[%clk 0:01:43]} 61. Ke6 {[%clk 0:02:56]} Ke8
{[%clk 0:01:49]} 62. Kd6 {[%clk 0:03:04]} 1-0